Top 10 most obese North American countries - Statistics

General Stats
  • This quiz has been taken 22 times
  • The average score is 6 of 10
Answer Stats
Answer % Correct
Mexico
95%
United States
95%
Jamaica
68%
Barbados
63%
The Bahamas
63%
Nicaragua
53%
St Kitts and Nevis
53%
St Vincent and the Grenadines
47%
Antigua and Barbuda
42%
Dominica
42%
No matching quizzes found
Score Distribution
Percent of People with Each Score
Percentile by Number Answered
Your Score History
You have not taken this quiz